000 00839nam0a22002411 4500
001 rc\779269
005 20250622131019.0
035 _a(NLR Aleph) 006305240
090 _a7293670
_c7293670
100 _a20040301d1983 |||y0rusy50 ca
101 0 _arus
102 _aRU
105 _aa |||||||||
200 1 _aСтрела бога
_eРоман
_aЧеловек из народа
_eРоман
_eПер. с англ.
_fЧинуа Ачебе
_g[Предисл. В. Иорданского
_gХудож. В.Г. Алексеев]
210 _aМ.
_cРадуга
_d1983
215 _a334 с.
_cил.
_d21
225 1 _aМастера современной прозы
_iНигерия
700 1 _aАчебе
_bЧ.
_f1930-
_gЧинуа
801 0 _aRU
_bNLR
_gpsbo
801 1 _aRU
_bELAR
_2rusmarc
852 _aNLR
_j83-3/6715
942 _cBOOK
980 _aNB